000 00907cam a2200265 a 4500
001 14553744
005 20180118092320.0
008 060915s2007 nyu b 001 0 eng
010 _a 2006051100
020 _a0805076263
020 _a9780805076264
035 _a(OCoLC)ocm71812887
035 _a(OCoLC)71812887
040 _aDLC
_cDLC
_dBAKER
_dBTCTA
_dC#P
_dYDXCP
_dBUR
_dVP@
_dDLC
041 _aeng
080 _a306.3 BIL
082 0 0 _a306.3 BIL
_222
100 1 _a52
101 _aECO
245 1 0 _aDeep economy :
_cBill McKibben.
504 _aIncludes bibliographical references and index.
906 _a7
_bcbc
_corignew
_d1
_eocip
_f20
_gy-gencatlg
942 _2ddc
_cBK
999 _c40506
_d40506